000 01004nam a2200253Ia 4500
999 _c56073
_d56073
001 23173
003 GE_BSU
005 20230720151243.0
008 181216s1965||||ge |||||||||||||| ||geo||
040 _cGE_BSU
041 _ageo
080 _a821.111-31 უ-25
100 _aუელსი, ჰერბერტ
_919473
245 _aუჩინარი კაცი :
_bრომანი /
_cმთარგმნ. აკ. ვასაძე ; რედ. ც. ცერცვაძე.
264 _aთბილისი :
_bნაკადული,
_c1965.
300 _a198 გვ. ;
_c21 სმ.
490 _aსათავგადასავლო ბიბლიოთეკა
_v18
541 _h1ლ. 36 თ.
653 _aუჩინარი კაცი
653 _aრომანი
700 _aვასაძე, აკ.
_eმთარგმნელი
_919474
700 _aცერცვაძე, ც.
_eრედაქტორი
_919475
942 _cBK
_2udc